| 000 | 00838nas a2200253 4500 | ||
|---|---|---|---|
| 001 | BR8001368 | ||
| 003 | BR-BrBNA | ||
| 005 | 20231205084217.0 | ||
| 007 | ta | ||
| 008 | 230509b bl.|||p| |||| 00| 00por d | ||
| 040 |
_aBR-BrBNA _bpor _cBiblioteca Nacional de Agricultura |
||
| 041 | _a(Pt) | ||
| 072 | _aH10 | ||
| 100 | 1 | _aMota, A.P.B. | |
| 245 | 1 | _aNumero de ovulos em femeas adultas da lagarta do coqueiro, Brassolis sophorae L. [Cocos nucifera] | |
| 246 | 1 | _aNumber of ovules in adult virgin females of the coconut caterpillar, Brassolis sophorae L. [Cocos nucifera] | |
| 650 | _aPraga de planta | ||
| 650 | _aCoco | ||
| 650 | _aLagarta | ||
| 650 | _aOvulo | ||
| 773 | 0 |
_tFitossanidade (Brazil) _xISSN 0100-4204 _g(Dec 1979), v. 3(1-2) p. 19 _wBR8001368 |
|
| 909 |
_a202311 _bLúcia _c55 _dLúcia Elande |
||
| 942 |
_2AGRIS _n0 _cANA |
||
| 999 |
_c103796 _d103796 |
||